Defense against inflation : policies for price stability in a growing economy
Αποθηκεύτηκε σε:
| Συγγραφή απο Οργανισμό/Αρχή: | |
|---|---|
| Μορφή: | Βιβλίο |
| Γλώσσα: | English |
| Δημοσίευση: |
New York :
CED,
1959
|
| Θέματα: | |
| Ετικέτες: |
Προσθήκη ετικέτας
Δεν υπάρχουν, Καταχωρήστε ετικέτα πρώτοι!
|
MARC
| LEADER | 00000nam a2200000 i 4500 | ||
|---|---|---|---|
| 001 | 1/65391 | ||
| 008 | 990111s1959 eng d | ||
| 035 | |l 10047127 | ||
| 040 | |a GR-MY-UA |b gre |e aacr | ||
| 041 | 0 | |a eng | |
| 082 | 0 | |a 332.414 | |
| 110 | 2 | |a Commitee for Economic Development. | |
| 245 | 1 | 0 | |a Defense against inflation : |b policies for price stability in a growing economy / |c Commitee for Economic Development |
| 260 | |a New York : |b CED, |c 1959 | ||
| 300 | |a 95 p. | ||
| 650 | 0 | 0 | |a Inflation (Finance) |z United States. |
| 650 | 0 | 0 | |a Currency question |z United States. |
| 852 | |a INST |b CHIOS |e 19990111 |h 332.414 DEF |p 005200015150 |q 005200015150 |t BK |y 0 | ||
| 901 | |a BIBL-1999-1 | ||
| 909 | |a Χ |b 055171 | ||
| 922 | |a 2ΕΛΗ |b 199901 |d ΛΕΜΟΝΙΑ | ||